UBT Library

An introduction to the study of disease. (Record no. 47303)

000 -LEADER
fixed length control field 00580cam a2200229 4500
001 - CONTROL NUMBER
control field 1764296
005 - DATE AND TIME OF LATEST TRANSACTION
control field 20180824030751.0
008 - FIXED-LENGTH DATA ELEMENTS--GENERAL INFORMATION
fixed length control field 710607s1971 paua b 001 0 eng
010 ## - LIBRARY OF CONGRESS CONTROL NUMBER
LC control number 76135679
020 ## - INTERNATIONAL STANDARD BOOK NUMBER
International Standard Book Number 0812103335
040 ## - CATALOGING SOURCE
Original cataloging agency DLC
Transcribing agency DLC
Modifying agency DLC
041 ## - LANGUAGE CODE
Language code of text/sound track or separate title eng
080 ## - UNIVERSAL DECIMAL CLASSIFICATION NUMBER
Universal Decimal Classification number 616
082 00 - DEWEY DECIMAL CLASSIFICATION NUMBER
Classification number 616
100 1# - Rafti
Rafti 7
101 ## - Shkurtesa
Shkurtesa NEU
240 10 - UNIFORM TITLE
Uniform title <a href="Introduction to medical science">Introduction to medical science</a>
245 13 - TITLE STATEMENT
Title An introduction to the study of disease.
504 ## - BIBLIOGRAPHY, ETC. NOTE
Bibliography, etc Includes bibliographical references.
906 ## - LOCAL DATA ELEMENT F, LDF (RLIN)
a 7
b cbc
c orignew
d 2
e ncip
f 19
g y-gencatlg
942 ## - ADDED ENTRY ELEMENTS (KOHA)
Source of classification or shelving scheme
Item type Books
Holdings
Withdrawn status Lost status Source of classification or shelving scheme Damaged status Not for loan Collection code Permanent location Current location Shelving location Date acquired Total Checkouts Full call number Barcode Date last seen Price effective from Koha item type
          Koleksioni i përgjithshem UBT - Lipjan UBT - Lipjan Koleksioni i përgjithshem 08/24/2018   616 BOY 002-3011253 08/24/2018 08/24/2018 Books
UBT Library © 2015-2024. All rights reserved University Education for Business and Technology